| 000 | 00594 a2200181 4500 | ||
|---|---|---|---|
| 020 | _a0073103659 | ||
| 040 |
_aDLC _bDLC |
||
| 082 | 0 | 0 | _a621.319/20113 |
| 100 | 1 | _aTront, Joseph G. | |
| 245 | 1 | 0 |
_aPspice for basic circuit analysis _cJoseph G. Tront |
| 250 | _a2nd ed. | ||
| 260 |
_aDubuque, IA : _bMcGraw-Hill, _c2005. |
||
| 300 |
_axi, 145 p. : _bill. ; _c24 cm. _e1 CD-ROM (4 3/4 in.) |
||
| 500 | _a"McGraw-Hill higher education." | ||
| 650 | 0 |
_aElectric circuit analysis _xData processing. |
|
| 650 | 0 |
_aElectronic circuit design _xComputer-aided design. |
|
| 942 |
_cBK _k621.31920113 TRO _2ddc |
||
| 999 |
_c10006 _d10006 |
||